000 00481nam a22001937a 4500
005 20260404131439.0
008 260330b |||||||| |||| 00| 0 eng d
020 _a9789361318870
041 _aeng
082 _a658.4012
_bWAL B22787
100 _aWalton N
_9217626
245 _aTechnology Strategy
_c1st Ed.
250 _a1st Ed.
260 _aNew Delhi
_bBloomsbury
_c2024
300 _a327p
500 _aStrategic Management
700 _aPyper N
_9217627
942 _cBK
999 _c370813
_d370813